000 00653nam a2200277Ia 4500
005 20260324141427.0
008 008 260324s9999 xx 000 0 eng d
020 _a9781315841021
037 _aEBOOK
040 _aCRL
040 _beng
040 _cCRL
041 _2eng
041 _aeng
084 _qCRL
100 _aElena Semino
_91208145
245 0 _aLanguage and World Creation in Poems and Other Texts
260 _bTaylor and Francis
260 _c1997
365 _a
365 _b230
856 _uhttp://www.taylorfrancis.com/books/9781315841021
942 _cEBOOK
999 _c1811237
_d1811237